Statistics for Top 10 European Countries with the Highest Elevation

Click here to take the quiz!

General Stats

  • This quiz has been taken 63,635 times
  • The average score is 9 of 10

Answer Stats

MetersCountryFeet% Correct
4,810France15,781
97%
4,634Switzerland15,203
97%
4,810Italy15,781
96%
3,798Austria12,461
93%
2,962Germany9,718
93%
3,479Spain11,413
93%
5,642Russia18,510
92%
2,919Greece9,577
72%
2,942Andorra9,652
66%
2,925Bulgaria9,596
54%

Score Distribution

Percentile by Number Answered

Percent of People with Each Score

Your Score History

You have not taken this quiz